header

Decline and fall of the Sasanian empire (Record no. 14652)

MARC details
000 -LEADER
fixed length control field 01632nam a2200397 a 4500
082 04 - DEWEY DECIMAL CLASSIFICATION NUMBER
Classification number 935.07
100 1# - MAIN ENTRY--AUTHOR NAME
Personal name Pourshariati, Parvaneh.
245 10 - TITLE STATEMENT
Title Decline and fall of the Sasanian empire
260 ## - PUBLICATION, DISTRIBUTION, ETC. (IMPRINT)
Place of publication London ;
-- New York :
Name of publisher I.B. Tauris in association with the Iran Heritage Foundation ;
Place of publication New York :
Name of publisher Distributed in the U.S.A. by Palgrave Macmillan,
Year of publication 2008.
300 ## - PHYSICAL DESCRIPTION
Number of Pages xiv, 537 p. :
Other physical details ill., maps.
650 #0 - SUBJECT ADDED ENTRY--TOPICAL TERM
Topical Term Sassanids.
Topical Term Parthians.
856 40 - ELECTRONIC LOCATION AND ACCESS
Uniform Resource Identifier http://site.ebrary.com/lib/rucke/Doc?id=10254887

No items available.

© 2026 Rongo University
Contact us: librarian | system librarian | Rongo university